00294nam a2200133Ia 4500003000400000005001700004008004100021020001500062040001700077100001900094245002600113260001200139260000900151OSt20240316120354.0170524s9999 xx 000 0 und d a190399232X cIIMTU MEERUT aVassallo- Jady 2aA big bowl of noodles bMurdoch c2004